Megastore. Myšlenky a kresby
Guardado en:
| Autor principal: | |
|---|---|
| Formato: | Libro |
| Publicado: |
Praha :
Jalna,
2005
|
| Materias: | |
| Etiquetas: |
Sin Etiquetas, Sea el primero en etiquetar este registro!
|
MARC
| LEADER | 00000nam a22000003a 4500 | ||
|---|---|---|---|
| 001 | stu129424 | ||
| 005 | 20150617225906.2 | ||
| 008 | 061109s2005----------------------------d | ||
| 020 | |a 80-86396-19-3 | ||
| 040 | |a STU |b slo | ||
| 041 | 0 | ||
| 100 | 1 | |a Skalický, Alexandr |4 aut | |
| 245 | 1 | |a Megastore. Myšlenky a kresby | |
| 260 | |a Praha : |b Jalna, |c 2005 | ||
| 300 | |a 179 s | ||
| 650 | 7 | |a Skalický, Alexandr architekt |2 stusub | |
| 650 | 7 | |a Archteam |2 estusub | |
| 650 | 7 | |a architekti českí |2 stusub | |
| 996 | |b 284AU03210 |c A*4900 U |l AAKNAR |s A |a 24 |w stu129424_0001 | ||